Návrh opatrení na zlepšenie systému vzdelávania pri zvyšovaní výkonnosti zamestnancov v podniku PRAKON, s.r.o. Prakovce

Saved in:
Bibliographic Details
Main Author: Klekner, Boris, 1983- (Author)
Other Authors: Arendášová, Alexandra, 1979- (Thesis advisor)
Format: Manuscript Book
Language:Slovak
Published: STU v Bratislave MTF UPMK, 2010
Subjects:
Online Access:VAIS
Tags: Add Tag
No Tags, Be the first to tag this record!

MARC

LEADER 00000ntm a22000003a 4500
001 stu207125
005 20160719160206.7
008 100710s2010------------------------slo-d
040 |a STU  |b slo 
041 0 |a slo 
100 1 |a Klekner, Boris,  |d 1983-  |4 aut  |X 51853  |7 A000051853 
242 0 0 |a Proposed measures to improve the educational system, improve employees performance in the company PRAKON, Ltd. Prakovce   |y eng 
245 1 |a Návrh opatrení na zlepšenie systému vzdelávania pri zvyšovaní výkonnosti zamestnancov v podniku PRAKON, s.r.o. Prakovce 
260 |b STU v Bratislave MTF UPMK,  |c 2010 
650 7 |a identification  |2 estusub 
650 7 |a hodnotenie  |2 stusub 
650 7 |a vzdelávanie  |2 stusub 
650 7 |a identifikácia  |2 stusub 
650 7 |a výkonnosť zamestnancov  |2 stusub 
650 7 |a education  |2 estusub 
650 7 |a evaluation  |2 estusub 
700 1 |a Arendášová, Alexandra,  |d 1979-  |4 ths  |u M190  |U MTF Materiálovotechnologická fakulta  |T MTF Katedra priemyselného inžinierstva a manažmentu  |X 10171  |U M190  |Y 167  |7 A000010171 
856 4 |a info a plný text  |u http://is.stuba.sk/zp/portal_zp.pl?podrobnosti=52344  |3 VAIS 
996 |c M*BP-4424  |l MMSKP  |s P  |a 0  |w stu207125_0001